[Event "World Rapid Team 2023"]
[Site "Dusseldorf GER"]
[Date "2023.08.27"]
[Round "7.13"]
[Board "5"]
[White "Braeutigam, Alexander"]
[Black "Breitkopf-Lazar, Patrick-Robert"]
[Result "1-0"]
[WhiteElo "1911"]
[BlackElo "1672"]
[WhiteTeam "Doppelbauer Kiel"]
[BlackTeam "Aachener Schachverein von 1856"]
[WhiteFideId "16245210"]
[BlackFideId "16213742"]
[EventDate "2023.08.26"]

1. c4 e6 2. Nc3 d5 3. cxd5 exd5 4. d4 Nf6 5. Bg5 Be7 6. e3 h6 7. Bh4 O-O 8. Bd3
b6 9. Qc2 Bb7 10. Nf3 Nbd7 11. O-O c5 12. dxc5 Nxc5 13. Rfd1 Rc8 14. Bf5 Ne6 15.
Qb3 Nc5 16. Qc2 Ne6 17. Qd3 Qc7 18. Bg3 Qc4 19. Bxe6 fxe6 20. Qg6 Bb4 21. Ne5
Qc5 22. Bf4 Bxc3 23. Bxh6 Qe7 24. bxc3 Ne4 25. Bf4 Nxc3 26. Re1 Ba6 27. Qg4 Ne4
28. Ng6 Qf6 29. Nxf8 Rxf8 30. f3 Nc3 31. Bg5 Qf7 32. Kh1 Bc4 33. a3 Rc8 34. Rac1
Nb5 35. a4 Nd6 36. h3 Nb7 37. e4 Nc5 38. exd5 Bxd5 39. Rcd1 Rf8 40. a5 bxa5 41.
Ra1 Nb3 42. Ra3 Qc7 43. Rd1 Qc5 44. Ra4 Rb8 45. Bf6 Qf8 46. Be5 Rb4 47. Rxb4
axb4 48. h4 a5 49. h5 a4 50. h6 a3 51. hxg7 Qf5 52. Qxf5 exf5 53. Rxd5 a2 54.
Rd8+ 1-0

[Event "World Rapid Team 2023"]
[Site "Dusseldorf GER"]
[Date "2023.08.27"]
[Round "7.13"]
[Board "6"]
[White "Ahn, Anastasia"]
[Black "Braeutigam, Katerina"]
[Result "0-1"]
[WhiteElo "1592"]
[BlackElo "1884"]
[WhiteTeam "Aachener Schachverein von 1856"]
[BlackTeam "Doppelbauer Kiel"]
[WhiteFideId "252220"]
[BlackFideId "16242980"]
[EventDate "2023.08.26"]

1. d4 Nf6 2. Nc3 d5 3. Bf4 c6 4. e3 Bf5 5. f3 e6 6. g4 Bg6 7. h4 h5 8. g5 Nfd7
9. Bh2 Bb4 10. Ne2 f6 11. Nf4 Bf5 12. Bd3 Na6 13. Bxf5 exf5 14. g6 Nf8 15. Qd3
Qd7 16. Kf2 Bd6 17. Rag1 Rh6 18. e4 fxe4 19. fxe4 Bxf4 20. Bxf4 Rxg6 21. exd5
Rxg1 22. Rxg1 cxd5 23. Nb5 Kd8 24. Nd6 b6 25. Re1 Nc7 26. Qg3 Nce6 27. c3 a6 28.
Nf5 Nxf4 29. Qxf4 Ne6 30. Qf3 g6 31. Ne3 f5 32. Nxd5 Rb8 33. Nf6 Qd6 34. d5 Nf8
35. Ne8 Qh2+ 36. Kf1 Qxh4 37. Qe3 Kd7 38. d6 Qh1+ 39. Ke2 Qxe1+ 40. Kxe1 Rxe8
41. Kf2 Rxe3 42. Kxe3 Kxd6 43. Kd4 h4 44. b4 h3 45. c4 h2 46. c5+ bxc5+ 47.
bxc5+ Kc6 48. a4 h1=Q 49. Ke5 Qa1+ 50. Kf4 Ne6+ 51. Kf3 g5 52. a5 g4+ 53. Kg2 f4
54. Kh2 Qb2+ 55. Kg1 g3 0-1

[Event "World Rapid Team 2023"]
[Site "Dusseldorf GER"]
[Date "2023.08.27"]
[Round "7.14"]
[Board "1"]
[White "Namale, Ben Nguku"]
[Black "Perossa, Nicolas"]
[Result "0-1"]
[WhiteTitle "CM"]
[WhiteElo "1967"]
[BlackElo "2265"]
[WhiteTeam "Kenya Commercial Bank Chess Club"]
[BlackTeam "Mitropa Chess Association"]
[WhiteFideId "10800263"]
[BlackFideId "2850520"]
[EventDate "2023.08.26"]

1. d4 Nf6 2. Bf4 d6 3. Nc3 Nbd7 4. e4 e5 5. Bg3 exd4 6. Qxd4 g6 7. O-O-O Bg7 8.
Qd2 O-O 9. Kb1 b5 10. f3 b4 11. Nce2 Nb6 12. Nd4 Bd7 13. h4 h5 14. Bf4 Rb8 15.
Bh6 c5 16. Bxg7 Kxg7 17. Nb3 c4 18. Nc1 c3 19. Qxd6 cxb2 20. Nb3 Na4 21. Rd4 Be6
22. Qe5 Qe8 23. Qa5 Qc6 24. Rxb4 Nc3+ 25. Kxb2 Bxb3 26. axb3 Nd1+ 27. Kc1 Ne3
28. Bd3 Nxg2 29. Ne2 Rbd8 30. Rd4 Rxd4 31. Nxd4 Qd6 32. Qc3 Rd8 33. Nb5 Qf4+ 34.
Kb1 Nxh4 35. Nc7 Nxf3 36. Rf1 Nd2+ 37. Kb2 Nxf1 38. Nd5 Rxd5 39. exd5 Ne3 40.
Bc4 Nd1+ 0-1

[Event "World Rapid Team 2023"]
[Site "Dusseldorf GER"]
[Date "2023.08.27"]
[Round "7.14"]
[Board "2"]
[White "Caruso, Augusto"]
[Black "Magana, Ben"]
[Result "0-1"]
[BlackTitle "CM"]
[WhiteElo "2103"]
[BlackElo "2020"]
[WhiteTeam "Mitropa Chess Association"]
[BlackTeam "Kenya Commercial Bank Chess Club"]
[WhiteFideId "801763"]
[BlackFideId "10800166"]
[EventDate "2023.08.26"]

1. e4 e5 2. Nc3 Nf6 3. f4 d5 4. fxe5 Nxe4 5. Qf3 Nc6 6. Bb5 Nxc3 7. dxc3 Qh4+ 8.
g3 Qe4+ 9. Be3 Bd7 10. O-O-O O-O-O 11. Rxd5 Qxf3 12. Nxf3 a6 13. Bxc6 Bxc6 14.
Rxd8+ Kxd8 15. Rd1+ Ke8 16. Nd4 Bd7 17. Re1 Bc5 18. Nf3 Be7 19. b4 h6 20. a3 Bc6
21. Nd4 Bd5 22. Kd2 Bc4 23. Nb3 Bxb3 24. cxb3 Bg5 25. h4 Bxe3+ 26. Kxe3 Ke7 27.
Rd1 Rd8 28. Rd4 Rd7 29. a4 Ke6 30. Ke4 Re7 31. a5 f5+ 32. Kf4 g6 33. c4 Rg7 34.
Rd5 g5+ 35. hxg5 hxg5+ 36. Kf3 Rd7 37. Rc5 Rd3+ 38. Kf2 Rxb3 39. Rxc7 Rxb4 40.
Rc5 Rb2+ 41. Kf1 Rb3 42. Kg2 Re3 43. Rc7 Rb3 44. Rc5 Re3 45. Rc7 Rxe5 46. Rxb7
Rxa5 47. Rg7 g4 48. Rc7 Kd6 49. Rf7 Ke5 50. Rc7 Kd4 51. Kf2 Ra2+ 52. Ke1 Ke3 53.
Kd1 Kf3 54. Rc5 Ke4 55. Rc8 Kf3 56. Rc5 f4 57. gxf4 g3 58. Rg5 g2 59. f5 g1=Q+
60. Rxg1 Ra1+ 61. Kd2 Rxg1 62. Kd3 Kf4 63. f6 Ke5 0-1

[Event "World Rapid Team 2023"]
[Site "Dusseldorf GER"]
[Date "2023.08.27"]
[Round "7.14"]
[Board "3"]
[White "Methu, Joseph Muragu"]
[Black "Bordin, Silvia"]
[Result "1/2-1/2"]
[WhiteElo "1989"]
[BlackElo "1933"]
[WhiteTeam "Kenya Commercial Bank Chess Club"]
[BlackTeam "Mitropa Chess Association"]
[WhiteFideId "10804714"]
[BlackFideId "2837612"]
[EventDate "2023.08.26"]

1. d4 d5 2. c4 e6 3. Nc3 c5 4. cxd5 exd5 5. Nf3 Nc6 6. g3 Nf6 7. Bg2 cxd4 8.
Nxd4 Bc5 9. Nb3 Bb6 10. O-O d4 11. Na4 O-O 12. Nxb6 axb6 13. Bxc6 bxc6 14. Qxd4
Qc7 15. Bf4 Qb7 16. f3 c5 17. Qd2 Be6 18. e4 Rfd8 19. Qc3 Qa6 20. Rfd1 Bh3 21.
Rd2 Be6 22. Rad1 Rxd2 23. Qxd2 h6 24. Nc1 Qb7 25. b3 b5 26. Be5 Nd7 27. Bc3 Qa7
28. Kg2 Nf8 29. Qb2 f6 30. Qf2 Qc7 31. Qd2 Qc8 32. Qd6 c4 33. b4 Ra3 34. Bb2 Ra6
35. Qd4 Rc6 36. Bc3 Rc7 37. Qe3 Bh3+ 38. Kf2 Be6 39. Ne2 Qa6 40. Rd2 Rd7 41. Nf4
Bf7 42. h4 Qc8 43. h5 Ne6 44. Nd5 Nc7 45. Nf4 Ne6 46. Nd5 Nc7 47. Qc5 Bxd5 48.
Rxd5 Rf7 49. Rd6 Qa8 50. Ke3 f5 51. Qd4 Qxa2 52. Rd7 f4+ 53. gxf4 Ne6 54. Qd6
Qg2 55. Qxe6 Qg1+ 56. Ke2 Qg2+ 57. Ke1 Qg1+ 58. Kd2 Qf2+ 59. Kc1 Qe3+ 60. Bd2
Qa3+ 61. Kd1 Qxf3+ 62. Ke1 Qg3+ 63. Ke2 Qg2+ 64. Ke3 Qg1+ 65. Ke2 Qg2+ 66. Kd1
Qf3+ 67. Ke1 Qg3+ 68. Kf1 Qf3+ 69. Kg1 Qg3+ 70. Kh1 Qf3+ 71. Kh2 Qf2+ 72. Kh3
Qf3+ 73. Kh4 Qh1+ 74. Kg3 Qg1+ 75. Kf3 Qf1+ 76. Ke3 Qg1+ 1/2-1/2

[Event "World Rapid Team 2023"]
[Site "Dusseldorf GER"]
[Date "2023.08.27"]
[Round "7.14"]
[Board "4"]
[White "Peglau, Charis"]
[Black "Njoroge, Martin"]
[Result "1-0"]
[WhiteTitle "WFM"]
[WhiteElo "2094"]
[BlackElo "1870"]
[WhiteTeam "Mitropa Chess Association"]
[BlackTeam "Kenya Commercial Bank Chess Club"]
[WhiteFideId "16219996"]
[BlackFideId "10801952"]
[EventDate "2023.08.26"]

1. Nf3 Nf6 2. e3 d5 3. b3 e6 4. Bb2 Be7 5. c4 O-O 6. Be2 a5 7. O-O Nbd7 8. Nc3
c6 9. d4 Re8 10. Rc1 Bd6 11. Qd2 Bb4 12. Qc2 Bd6 13. Rfd1 Qe7 14. h3 h6 15. e4
dxe4 16. Nxe4 Ba3 17. Nfd2 Bxb2 18. Qxb2 e5 19. Nxf6+ Nxf6 20. dxe5 Qxe5 21.
Qxe5 Rxe5 22. Bd3 Bd7 23. Nf3 Re7 24. Re1 Rae8 25. Rxe7 Rxe7 26. Re1 Kf8 27. Kf1
Nh5 28. Rxe7 Kxe7 29. Ne5 Bc8 30. c5 Kf6 31. Nc4 Nf4 32. Be4 Bd7 33. Nxa5 Ke5
34. Bf3 Nd3 35. Nxb7 Kd4 36. a3 Nxc5 37. Nxc5 Kxc5 38. Ke2 Kd4 39. Kd2 c5 40.
Bd1 g5 41. a4 f5 42. a5 g4 43. a6 Bc6 44. hxg4 fxg4 45. Bxg4 c4 46. bxc4 Kxc4
47. Ke3 Kb5 48. Be2+ Kb6 49. g3 Bd5 50. Kf4 Bf7 51. g4 Bg6 52. Ke5 Be8 53. f4
Bc6 54. f5 Be8 55. Ke6 Ba4 56. f6 Bb3+ 57. Ke7 Ba2 58. f7 1-0

[Event "World Rapid Team 2023"]
[Site "Dusseldorf GER"]
[Date "2023.08.27"]
[Round "7.14"]
[Board "5"]
[White "Oluka Robert Mcligeyo"]
[Black "Peglau, Dora"]
[Result "1-0"]
[WhiteElo "2009"]
[BlackElo "2052"]
[WhiteTeam "Kenya Commercial Bank Chess Club"]
[BlackTeam "Mitropa Chess Association"]
[WhiteFideId "10814647"]
[BlackFideId "16220005"]
[EventDate "2023.08.26"]

1. e4 c6 2. d4 d5 3. e5 c5 4. c3 Nc6 5. Be2 cxd4 6. cxd4 Bf5 7. Nc3 e6 8. Nf3
Rc8 9. O-O Bg6 10. Qb3 Nge7 11. Qxb7 Rb8 12. Qa6 Rb6 13. Qa4 Rb4 14. Qd1 Nf5 15.
Bb5 Qb6 16. Bxc6+ Qxc6 17. a3 Rb8 18. Qa4 Qxa4 19. Nxa4 Rc8 20. g4 Nxd4 21. Nxd4
Rc4 22. Be3 Rxa4 23. Rfc1 Rc4 24. b3 Rxc1+ 25. Rxc1 Kd7 26. b4 Be7 27. Nb5 a6
28. Rc7+ Kd8 29. Ra7 axb5 30. Ra8+ Kd7 31. Rxh8 Bd8 32. Rg8 Bc7 33. Bd4 Ke7 34.
f4 Bd8 35. Bc5+ Kd7 36. Rxg7 Be7 37. Bxe7 Kxe7 38. Rg8 f6 39. Kf2 Kf7 40. Rb8
Bd3 41. Ke3 Bc4 42. Rb7+ Kg6 43. exf6 Kxf6 44. Rxh7 e5 45. Rh6+ Kg7 46. Rd6
exf4+ 47. Kxf4 Kf7 48. Ke5 Kg7 49. Rxd5 1-0

[Event "World Rapid Team 2023"]
[Site "Dusseldorf GER"]
[Date "2023.08.27"]
[Round "7.14"]
[Board "6"]
[White "Peglau, Paul David"]
[Black "Ndirangu, Nyaruai, Joyce"]
[Result "0-1"]
[BlackTitle "WCM"]
[WhiteElo "1768"]
[BlackElo "1719"]
[WhiteTeam "Mitropa Chess Association"]
[BlackTeam "Kenya Commercial Bank Chess Club"]
[WhiteFideId "16290550"]
[BlackFideId "10802886"]
[EventDate "2023.08.26"]

1. c4 Nf6 2. Nc3 d5 3. cxd5 Nxd5 4. g3 g6 5. Bg2 Nf6 6. Nf3 Bg7 7. O-O O-O 8. d3
c5 9. Bf4 Nc6 10. Qd2 Re8 11. Rac1 a6 12. Na4 Nd7 13. Nxc5 Nxc5 14. Rxc5 Qb6 15.
Rc2 Nb4 16. Rc4 Nxa2 17. Ra1 Be6 18. Rxa2 Bxc4 19. dxc4 Qb3 20. Ra1 Rad8 21. Qe1
Bxb2 22. Rb1 Qc2 23. h3 a5 24. Bc7 Ra8 25. Qd1 Qxd1+ 26. Rxd1 a4 27. Be5 a3 28.
Bxb2 axb2 29. Rb1 Ra1 30. Rf1 Rxf1+ 31. Bxf1 b1=Q 32. Nd4 Ra8 33. Nf3 Ra1 34.
Nh2 Qe4 35. c5 Qxe2 36. c6 bxc6 37. g4 Qe1 38. h4 Ra2 39. Nf3 Qxf2+ 40. Kh1
Qxf1+ 41. Ng1 Qg2# 0-1

[Event "World Rapid Team 2023"]
[Site "Dusseldorf GER"]
[Date "2023.08.27"]
[Round "7.15"]
[Board "1"]
[White "Haasler, Andreas"]
[Black "Van Dael, Siem"]
[Result "1-0"]
[BlackTitle "FM"]
[WhiteElo "2222"]
[BlackElo "2285"]
[WhiteTeam "MagdeBurg and Friends"]
[BlackTeam "Blerickse Schaakvereniging"]
[WhiteFideId "4658906"]
[BlackFideId "1049771"]
[EventDate "2023.08.26"]

1. Nf3 Nf6 2. g3 g6 3. b3 Bg7 4. Bb2 O-O 5. Bg2 d6 6. d4 c5 7. c4 Na6 8. Nc3 Rb8
9. Nb5 Bf5 10. O-O Qb6 11. d5 Nc7 12. a4 Nxb5 13. axb5 Ra8 14. Bc3 Qc7 15. Nd2
a6 16. bxa6 bxa6 17. Ra3 Bc8 18. Qa1 Bb7 19. e4 Ne8 20. Bh3 Bxc3 21. Qxc3 Ng7
22. Qa5 Ne8 23. Rfa1 Rb8 24. Qc3 Ng7 25. Qa5 Ne8 26. Re1 f6 27. Be6+ Kh8 28. h4
h5 29. f4 Bc8 30. Qxc7 Nxc7 31. Bxc8 Rbxc8 32. e5 Kg7 33. Ne4 Rcd8 34. Kg2 Rfe8
35. Raa1 Rf8 36. Re3 fxe5 37. fxe5 Rf5 38. exd6 exd6 39. Ng5 Rd7 40. Rae1 Kf8
41. R1e2 Rf6 42. Ra2 Rf5 43. Ra4 Kg7 44. b4 cxb4 45. Rxb4 Re5 46. Rxe5 dxe5 47.
Rb7 Kf6 48. Kf3 Rg7 49. Ke4 Ne8 50. Rb6+ Ke7 51. Kxe5 a5 52. Rb7+ Kd8 53. Ne6+
Kc8 54. Nxg7 1-0

[Event "World Rapid Team 2023"]
[Site "Dusseldorf GER"]
[Date "2023.08.27"]
[Round "7.15"]
[Board "2"]
[White "Heinert, Eugen"]
[Black "Kuhne, Detlev"]
[Result "1-0"]
[WhiteElo "2121"]
[BlackElo "2050"]
[WhiteTeam "Blerickse Schaakvereniging"]
[BlackTeam "MagdeBurg and Friends"]
[WhiteFideId "24621390"]
[BlackFideId "4642872"]
[EventDate "2023.08.26"]

1. e4 Nf6 2. e5 Nd5 3. c4 Nb6 4. c5 Nd5 5. Bc4 e6 6. Nc3 Nxc3 7. dxc3 d5 8. cxd6
cxd6 9. Bf4 d5 10. Bd3 Nc6 11. a3 Be7 12. Qh5 g6 13. Qe2 Bd7 14. Nf3 a6 15. h4
h5 16. g3 Qc7 17. O-O Na5 18. Bg5 Bxg5 19. Nxg5 Nc6 20. Rfe1 Ne7 21. Rac1 Nf5
22. c4 dxc4 23. Rxc4 Qb6 24. Rec1 Bc6 25. Ne4 Rd8 26. Nf6+ Ke7 27. Rb4 Qa7 28.
Bxf5 gxf5 29. Rbc4 Rd4 30. Rc5 Rhd8 31. Kh2 Rd2 32. Qe3 R8d3 33. Qg5 Rxf2+ 34.
Kg1 Rg2+ 35. Kf1 Rf3+ 36. Kxg2 Rf4+ 37. Rxc6 Qf2+ 38. Kh3 Rg4 39. Nxg4+ 1-0

[Event "World Rapid Team 2023"]
[Site "Dusseldorf GER"]
[Date "2023.08.27"]
[Round "7.15"]
[Board "3"]
[White "Berndt, Matthias"]
[Black "Krause, Thomas"]
[Result "1/2-1/2"]
[WhiteElo "2072"]
[BlackElo "2100"]
[WhiteTeam "MagdeBurg and Friends"]
[BlackTeam "Blerickse Schaakvereniging"]
[WhiteFideId "4622839"]
[BlackFideId "4696670"]
[EventDate "2023.08.26"]

1. e4 g6 2. d4 Bg7 3. Nc3 c6 4. Bc4 d6 5. a4 Nf6 6. Nf3 O-O 7. O-O Nxe4 8. Nxe4
d5 9. Bd3 dxe4 10. Bxe4 Nd7 11. Bf4 Nf6 12. Bd3 Nd5 13. Be5 Bg4 14. h3 Bxf3 15.
Qxf3 Bxe5 16. dxe5 Qc7 17. Qe4 a5 18. Rad1 Rad8 19. h4 Nb4 20. Bc4 Rxd1 21. Rxd1
Rd8 22. Rxd8+ Qxd8 23. Qe2 e6 24. h5 Qg5 25. hxg6 hxg6 26. c3 Nd5 27. Bxd5 exd5
28. g3 Qf5 29. Kg2 Kg7 30. Qe3 g5 31. Qd4 Kg6 32. b4 axb4 33. cxb4 g4 34. Qb6 1/2-1/2

[Event "World Rapid Team 2023"]
[Site "Dusseldorf GER"]
[Date "2023.08.27"]
[Round "7.15"]
[Board "4"]
[White "Bergmans, Dirk"]
[Black "Domsgen, Bernd"]
[Result "1-0"]
[WhiteElo "2015"]
[BlackElo "1917"]
[WhiteTeam "Blerickse Schaakvereniging"]
[BlackTeam "MagdeBurg and Friends"]
[WhiteFideId "1042327"]
[BlackFideId "24629073"]
[EventDate "2023.08.26"]

1. d4 Nf6 2. Bg5 g6 3. Bxf6 exf6 4. e3 Bg7 5. g3 O-O 6. Bg2 Re8 7. Ne2 d5 8. O-O
c6 9. Nd2 Bg4 10. h3 Be6 11. b3 Na6 12. c4 c5 13. Nf4 dxc4 14. Bxb7 Nb4 15. Bxa8
Qxa8 16. Nxe6 fxe6 17. Nxc4 e5 18. dxc5 f5 19. a3 Nd5 20. Nd6 Rd8 21. Rc1 f4 22.
exf4 exf4 23. Qg4 Bb2 24. Rcd1 Kg7 25. Qe6 Nc3 26. Rd2 Qf3 27. Qe7+ 1-0

[Event "World Rapid Team 2023"]
[Site "Dusseldorf GER"]
[Date "2023.08.27"]
[Round "7.15"]
[Board "5"]
[White "Giebel, Christine"]
[Black "Alonso, Jose Antonio"]
[Result "0-1"]
[WhiteElo "1830"]
[BlackElo "1836"]
[WhiteTeam "MagdeBurg and Friends"]
[BlackTeam "Blerickse Schaakvereniging"]
[WhiteFideId "12926418"]
[BlackFideId "16213130"]
[EventDate "2023.08.26"]

1. e4 d5 2. exd5 Nf6 3. d4 Bg4 4. Nf3 Nxd5 5. c4 Nf6 6. Nc3 e6 7. Be2 Nbd7 8. h3
Bh5 9. Be3 Bb4 10. O-O O-O 11. a3 Bxc3 12. bxc3 c6 13. g4 Bg6 14. Bg5 Qa5 15.
Bxf6 Nxf6 16. Qb3 Rab8 17. Ne5 Ne4 18. Qb4 Qc7 19. Nxg6 hxg6 20. Bd3 Ng5 21. Kg2
Qf4 22. Be2 Qe4+ 23. f3 Qxe2+ 24. Rf2 Qe3 25. h4 Nh7 26. g5 Rfd8 27. Rh1 b6 28.
Rh3 c5 29. Qb1 cxd4 30. f4 Rbc8 31. Rxe3 dxe3 32. Re2 Rd2 33. Kf3 Rcd8 34. Rxe3
Nf8 35. Qc1 f5 36. Re2 Rd1 37. Qc2 R1d3+ 38. Re3 Rd2 39. Re2 Rxc2 0-1

[Event "World Rapid Team 2023"]
[Site "Dusseldorf GER"]
[Date "2023.08.27"]
[Round "7.15"]
[Board "6"]
[White "Hartjes, Jenny"]
[Black "Meffert, Claudia"]
[Result "1-0"]
[WhiteElo "1685"]
[BlackElo "1733"]
[WhiteTeam "Blerickse Schaakvereniging"]
[BlackTeam "MagdeBurg and Friends"]
[WhiteFideId "16222334"]
[BlackFideId "12961515"]
[EventDate "2023.08.26"]

1. d4 d5 2. Nf3 Nf6 3. c4 e6 4. Nc3 Be7 5. e3 O-O 6. Bd3 Nbd7 7. O-O b6 8. cxd5
exd5 9. a3 Bb7 10. b4 c5 11. dxc5 bxc5 12. bxc5 Nxc5 13. Be2 Rc8 14. Bb2 h6 15.
Nd4 Bd6 16. Ncb5 Bb8 17. Rc1 a6 18. Nc3 Qd6 19. g3 Ne6 20. Bf3 Ng5 21. Bg2 Rfe8
22. Re1 h5 23. Nce2 h4 24. Nf5 Qb6 25. Bd4 Qa5 26. Nxh4 Qxa3 27. Ra1 Qd6 28. Nf3
Nxf3+ 29. Bxf3 Ne4 30. Nf4 Qh6 31. Bg2 g5 32. Qg4 Be5 33. Bxe5 Rxe5 34. Qh5 Qf6
35. Bxe4 Rxe4 36. Nh3 Rc2 37. Qxg5+ Qxg5 38. Nxg5 Rg4 39. Nf3 Kg7 40. Nd4 Rb2
41. Reb1 Rxb1+ 42. Rxb1 Bc8 43. Rb8 Bd7 44. Rd8 Be6 45. Nxe6+ fxe6 46. Rd6 Kf6
47. Rxa6 Ke5 48. Kg2 Rb4 49. h4 Kf5 50. Kf3 Re4 51. Ra8 Kg6 52. Rf8 Kh5 53. Rf4
Re5 54. Rg4 Rf5+ 55. Rf4 Re5 56. Kg2 Kg6 57. g4 Kh6 58. Kg3 Kg6 59. f3 Rxe3 60.
g5 Re5 61. Kg4 Re1 62. Rf6+ Kg7 63. h5 d4 64. h6+ Kh7 65. Rf7+ Kg6 66. Rg7# 1-0

[Event "World Rapid Team 2023"]
[Site "Dusseldorf GER"]
[Date "2023.08.27"]
[Round "7.16"]
[Board "1"]
[White "Shamsi, Mohammadhossein"]
[Black "Lux, Hugo de Melo"]
[Result "1-0"]
[WhiteTitle "CM"]
[BlackTitle "FM"]
[WhiteElo "2217"]
[BlackElo "2324"]
[WhiteTeam "PhileKhoob Chess Club"]
[BlackTeam "Ecole Polytechnique Francaise de Lausanne"]
[WhiteFideId "12507326"]
[BlackFideId "2138298"]
[EventDate "2023.08.26"]

1. e4 c5 2. Nf3 e6 3. d4 cxd4 4. Nxd4 a6 5. Nc3 Qc7 6. Bd3 Nf6 7. O-O d6 8. Kh1
Be7 9. f4 Nbd7 10. Qf3 b5 11. a3 Bb7 12. Bd2 Nc5 13. Rae1 O-O 14. Qh3 Nfd7 15.
f5 Bf6 16. Nde2 Rae8 17. Ng3 Nxd3 18. cxd3 d5 19. Nh5 dxe4 20. Nxe4 Bxe4 21.
dxe4 exf5 22. Bb4 Be7 23. Bc3 f6 24. exf5 Bd6 25. Rxe8 Rxe8 26. Qg4 Bf8 27. Bxf6
Qc4 28. Qxc4+ bxc4 29. Bc3 Kf7 30. Nf4 Nc5 31. Rd1 Re4 32. g3 Be7 33. Rd4 Rxd4
34. Bxd4 Nd3 35. Nd5 Bc5 36. Bc3 Nf2+ 37. Kg2 Nd1 38. Kf3 g6 39. fxg6+ hxg6 40.
h4 Ke6 41. Nc7+ Kd6 42. Nxa6 Bxa3 43. bxa3 Nxc3 44. Nb4 Kc5 45. Nc2 Nb5 46. Ke3
Kd5 47. a4 Nc3 48. a5 Kc5 49. g4 Nd5+ 50. Ke4 Nf6+ 51. Kf4 Nd5+ 52. Ke5 Ne7 53.
h5 Nc6+ 54. Kf6 gxh5 55. gxh5 c3 56. h6 Nb4 57. h7 Nxc2 58. h8=Q Ne3 59. Qc8+
Kd4 60. a6 c2 61. Qxc2 Nxc2 62. a7 Nb4 63. a8=Q Nd5+ 64. Kf5 Ne3+ 65. Kf4 Nd5+
66. Kf3 Nc3 67. Qa7+ Kc4 68. Qa5 Nd5 69. Ke4 Nc3+ 70. Ke5 Kd3 71. Qb4 Ne2 72.
Qa3+ Nc3 73. Qb3 Kd2 74. Kd4 Ne2+ 75. Kc4 Nc1 76. Qb2+ Kd1 77. Kc3 Ne2+ 78. Kd3
Nf4+ 79. Ke3 Nd5+ 80. Ke4 1-0

[Event "World Rapid Team 2023"]
[Site "Dusseldorf GER"]
[Date "2023.08.27"]
[Round "7.16"]
[Board "3"]
[White "Kuckling, Hannah"]
[Black "Deregnaucourt, Lucas"]
[Result "0-1"]
[WhiteTitle "WFM"]
[WhiteElo "2057"]
[BlackElo "2076"]
[WhiteTeam "PhileKhoob Chess Club"]
[BlackTeam "Ecole Polytechnique Francaise de Lausanne"]
[WhiteFideId "24603660"]
[BlackFideId "26057794"]
[EventDate "2023.08.26"]

1. e4 c5 2. Nc3 g6 3. f4 Bg7 4. Nf3 Nc6 5. Bb5 Nd4 6. Bc4 e6 7. d3 Ne7 8. Nxd4
cxd4 9. Ne2 O-O 10. Bb3 d5 11. e5 f6 12. exf6 Bxf6 13. Ng1 Nf5 14. Nf3 a5 15. a4
Ne3 16. Bxe3 dxe3 17. d4 g5 18. fxg5 Bxg5 19. O-O b6 20. Nxg5 Rxf1+ 21. Qxf1
Qxg5 22. Qf3 Ba6 23. h4 Qh6 24. Qg3+ Kh8 25. Qe5+ Qg7 26. Qxe3 Rg8 27. Qd2 Qg4
28. Re1 Rf8 29. c3 Qxh4 30. Bc2 Rf6 31. Qe3 Kg8 32. Qe5 Qf2+ 0-1

[Event "World Rapid Team 2023"]
[Site "Dusseldorf GER"]
[Date "2023.08.27"]
[Round "7.16"]
[Board "4"]
[White "Pheng, Wissam"]
[Black "Bahmani, Koorosh"]
[Result "0-1"]
[WhiteElo "1940"]
[BlackElo "1873"]
[WhiteTeam "Ecole Polytechnique Francaise de Lausanne"]
[BlackTeam "PhileKhoob Chess Club"]
[WhiteFideId "26008505"]
[BlackFideId "42576750"]
[EventDate "2023.08.26"]

1. e4 c6 2. c4 d5 3. cxd5 cxd5 4. exd5 Nf6 5. Bb5+ Nbd7 6. Nc3 a6 7. Qa4 g6 8.
Nf3 Bg7 9. O-O O-O 10. Bxd7 Bxd7 11. Qb3 b5 12. d4 Bf5 13. Ne5 Qb6 14. Be3 b4
15. Nc6 a5 16. Nxe7+ Kh8 17. Nxf5 gxf5 18. Na4 Qd6 19. Rac1 f4 20. Bd2 Nxd5 21.
Rc5 Rad8 22. Rxa5 Rg8 23. Qd3 Bh6 24. Kh1 f3 25. g3 Bxd2 26. Qxd2 Rg6 27. Qd3
Rf6 28. Qe4 Qd7 29. Qh4 Qc6 30. Rc5 Qxa4 31. Rxd5 Rdd6 32. Rxd6 Rxd6 33. Qf4 Qa6
34. Re1 Re6 35. Rc1 Qc4 36. Qf6+ Rxf6 37. Rxc4 Re6 38. Rc1 Re2 39. Kg1 Rxb2 40.
Rd1 Kg8 41. h4 h5 42. d5 Kf8 43. Re1 Rxa2 44. d6 Rd2 45. Rb1 Rd4 46. Rb3 Ke8 47.
Rxf3 Rxd6 48. Kg2 Rb6 49. Rb3 Kd7 50. Kh3 Kc6 51. g4 hxg4+ 52. Kxg4 Kc5 53. h5
Kc4 54. Rb1 b3 55. f4 Kc3 56. Kg5 Kc2 57. Rxb3 Kxb3 58. h6 Rg6+ 59. Kh5 Rg1 60.
h7 Rh1+ 61. Kg5 Rxh7 62. Kf6 Kc4 63. Ke5 Kc5 64. f5 Kc6 65. Kf6 Kd6 66. Kg5 Ke5
67. f6 Rh1 0-1

[Event "World Rapid Team 2023"]
[Site "Dusseldorf GER"]
[Date "2023.08.27"]
[Round "7.16"]
[Board "5"]
[White "Shahsanam, Alireza"]
[Black "Wasserfallen, Benedict"]
[Result "1-0"]
[WhiteElo "1782"]
[BlackElo "1853"]
[WhiteTeam "PhileKhoob Chess Club"]
[BlackTeam "Ecole Polytechnique Francaise de Lausanne"]
[WhiteFideId "12517887"]
[BlackFideId "1344927"]
[EventDate "2023.08.26"]

1. e4 c5 2. Nf3 d6 3. d4 cxd4 4. Nxd4 Nf6 5. Nc3 g6 6. Be3 Bg7 7. f3 Nc6 8. Qd2
O-O 9. g4 Be6 10. h4 Ne5 11. O-O-O Qc8 12. Bh6 d5 13. Bxg7 Kxg7 14. h5 dxe4 15.
hxg6 fxg6 16. Qh6+ Kf7 17. Nxe4 Nxe4 18. Qxh7+ Ke8 19. fxe4 Bxg4 20. Bb5+ Nc6
21. Qxg6+ Kd7 22. Ne6+ Bxd1 23. Rxd1# 1-0

[Event "World Rapid Team 2023"]
[Site "Dusseldorf GER"]
[Date "2023.08.27"]
[Round "7.16"]
[Board "6"]
[White "Pheng, Sophia"]
[Black "Farahani, Ali"]
[Result "0-1"]
[WhiteElo "1128"]
[BlackElo "1262"]
[WhiteTeam "Ecole Polytechnique Francaise de Lausanne"]
[BlackTeam "PhileKhoob Chess Club"]
[WhiteFideId "26066602"]
[BlackFideId "42556627"]
[EventDate "2023.08.26"]

1. e4 e5 2. Nf3 Nc6 3. Bb5 a6 4. Bxc6 dxc6 5. d4 exd4 6. Qxd4 Qxd4 7. Nxd4 Nf6
8. Nc3 Bd7 9. Be3 O-O-O 10. a3 Ng4 11. Bf4 Bc5 12. Nce2 Rhe8 13. f3 Ne5 14. Nb3
Bf8 15. O-O-O Nc4 16. Rd3 f5 17. Nc3 fxe4 18. Nxe4 Bf5 19. Rhd1 Rxd3 20. Rxd3
Bxe4 21. fxe4 Rxe4 22. Bd2 Re2 23. c3 Rxg2 24. Rf3 Be7 25. Rf7 Kd7 26. Be1 Ne5
27. Rf1 Nd3+ 28. Kd1 Nxb2+ 29. Kc1 Nd3+ 30. Kd1 Nxe1 31. Rxe1 Rxh2 32. Nd4 Bf6
33. Nf5 Ra2 34. c4 Ra1+ 35. Ke2 Rxe1+ 36. Kxe1 Ke6 37. Ng3 Bh4 38. Kf2 Bxg3+ 0-1